00721nam a22002177a 450000500170000001000150001702000260003203500140005803700090007208200080008110000300008924500560011925000060017526000480018127000490022930000200027850000180029894200220031699900190033895201460035720241224120624.0 aENG-143147 a9789364682756c555.00 aEN-126679 bDBAD a004 aMehrotra, Dheeraj 975609 aISC Computer Science Class 11/cBy Dheeraj Mehrotra a1 bS. Chand School Books aUttar Pradeshc2025 aD-92, Sector-2, NoidabUttar Pradeshe201301 a394p.c23cm(pb) a2026 Syllabus 2ddccENh004mMEH c207922d207922 001040708NFICaLbLd2024-12-24eDelivery of Books Divisiong555.00l0o004 MEHpEN-126679r2024-12-24 00:00:00t1v555.00w2024-12-24yEN